A Song of Ice and Fire Mega Word Ladder Quiz Stats

 Plays Quiz not verified by Sporcle

Score 0/75 Timer 08:00
0 Plays Today
Clue 5-letter word % Correct
• 'A Clash of ____' •KINGS
88.5%
• The Knight of Flowers •LORAS
86.6%
• Those who own castles •LORDS
85.5%
• The Mad King •AERYS
85.3%
• Bastard name in the Vale •STONE
81.5%
• '____ are wind' •WORDS
81.2%
• Arya or Bran, e.g. •STARK
80.6%
• Theon and Petyr, as children •WARDS
80.4%
• The Prince of Dorne •DORAN
80%
• Tywin's brother •KEVAN
80%
• Maester of Castle Black •AEMON
79.4%
• The Damphair •AERON
78.5%
• Some skinchangers •WARGS
78.1%
• He pines after Daenerys •JORAH
77.3%
• Robert's hunting targets •BOARS
76.5%
• Lord ____ Slynt •JANOS
75.5%
• Dothraki mount •HORSE
75.3%
Multiple Nickelodeon explorers?DORAS
75.3%
Islamic holy textKORAN
74%
• Bowen ____MARSH
73.8%
• Several Mormonts? •BEARS
73.5%
An underwater predatorSHARK
73.1%
• The Leach Lord •ROOSE
72.7%
Jobs or BuscemiSTEVE
71.4%
• Theon's father •BALON
71.3%
• 'Dark ____, dark [4 rungs up]' •WINGS
70.5%
Move, as an armyMARCH
70.1%
• Rattleshirt, the Lord of ____BONES
69.7%
• '____ morghulis' •VALAR
69.5%
Range in the kitchenSTOVE
68.1%
• Ser Amory ____LORCH
67.1%
Donkey and DiddyKONGS
67%
• Davos's son •DEVAN
66.6%
Jewish holy textTORAH
65.3%
• The Stony ____SHORE
65.3%
• Ser ____ Blount •BOROS
64.2%
Houston hockey teamAEROS
62.9%
Littlefingers? (Sorry.)WANGS
62.1%
Clue 5-letter word % Correct
RadiatedSHONE
60.4%
BraveryVALOR
59.9%
• 'The ____ Road' to Meereen •DEMON
59.7%
Cornwall's neighborDEVON
59.1%
• Bronze coins •STARS
58.8%
• The ____ of Storm's End •SIEGE
58.6%
Cooks lightlySEARS
58.2%
ApportionSHARE
58.1%
Austen and GoodallJANES
57.6%
Inventor of the telegraphMORSE
57.6%
A Singaporean suburbKOVAN
57.5%
MiddaysNOONS
57.1%
• Lannister is a Great one •HOUSE
56.9%
• '...with ____ left to hear.' •NO ONE
55.5%
Northern coniferLARCH
54.7%
• 'Mormont's ____' (comet) •TORCH
54.4%
AwakenROUSE
53.8%
• Ryman Frey's empty threat •NOOSE
53.7%
Giant king of Irish mythBALOR
52.4%
SifterSIEVE
52.1%
Reluctant Biblical prophetJONAH
52%
PoisonsBANES
50.6%
StultifiesBORES
50.5%
• Lord ____ Bracken •JONOS
49.3%
A noblemanBARON
48.9%
Modern Spanish novelist JuanMARSÉ
48.4%
The fifth element?BORON
48.2%
• Bael's output •SONGS
48%
Inventor SalkJONAS
46.9%
Performs the previous rungSINGS
45.1%
Kiss by fire?SINGE
44.8%
• Belonging to Daenerys? •DANY'S
43.4%
• Aegon I's son •AENYS
41.8%
• Silver coins •MOONS
40.3%
OafsBOORS
40.3%
8th century Iberian conquerorsMOORS
39.8%
• Lord ____ Darklyn •DENYS
36.7%

You're not logged in!

Compare scores with friends on all Sporcle quizzes.
Join for Free
OR
Log In

You Might Also Like...

Show Comments

Extras

Top Quizzes Today


Score Distribution

Your Account Isn't Verified!

In order to create a playlist on Sporcle, you need to verify the email address you used during registration. Go to your Sporcle Settings to finish the process.

Report this User

Report this user for behavior that violates our Community Guidelines.

Details: